Medvedíky nemajú radi krupicu

Podrobná bibliografia
Hlavný autor: Nemogová-Kolárová, Anna, 1951- (Autor)
Ďalší autori: Koza, Pavel (Ilustrátor)
Médium: Kniha
Jazyk:slovenčina
Fyzický popis:110 s. ilustr. 20 cm
Vydavateľské údaje: Báčsky Petrovec Slovenské vydavateľské centrum Kultúra 2007
ISBN:9788671033077
Edícia:Máj
Predmet:

MARC

LEADER 00000nam a2200000 a 4500
001 vtls009277455
003 SK-MaSNL
005 20260301081543.0
008 251029s2007 yu a 000 ddslo
015 |a SNBZSA2010-00393 
020 |a 9788671033077  |q (viaz.) 
040 |a SNK  |b slo  |c SNK  |e AACR2 
041 0 |a slo 
044 |a yu  |c YU 
072 7 |a 821.162.4  |x Slovenská literatúra  |2 konspekt 
072 7 |a 82-93  |x Literatúra pre deti a mládež  |2 konspekt 
080 |a 821.162(497.11)-93  |2 2001 
080 |a 821.162(497.11)-2  |x (0.053.2)  |2 2001 
100 1 |a Nemogová-Kolárová, Anna,  |d 1951-  |4 aut  |9 123777 
245 1 0 |a Medvedíky nemajú radi krupicu  |c Anna Nemogová-Kolárová ; [ilustroval Pavel Koza] 
260 |a Báčsky Petrovec  |b Slovenské vydavateľské centrum  |b Kultúra  |c 2007 
300 |a 110 s.  |b ilustr.  |c 20 cm 
490 1 |a Máj  |v 63 zv. 
650 0 7 |a divadelné hry  |2 snkph  |9 79680 
650 0 7 |a rozhlasové hry pre deti  |2 snkph  |9 405019 
655 7 |a slovenské divadelné hry  |2 snkph  |9 300814 
700 1 |a Koza, Pavel  |4 ill  |9 405020 
830 0 |a Máj  |9 278694 
919 |a 978-867103-307-7 
958 |a ZS 
958 |a LX 
958 |a DB 
999 |c 656186  |d 658116 
952 |a SNK  |b SNK  |y PREZ  |7 0  |p 17A0624941  |o snkSD 78331  |i snk2009/12300  |8 2  |g 3.65  |0 0  |1 0  |4 0  |d 2009-04-20  |l 0  |r 2025-11-26 00:00:00  |w 2026-02-23 
952 |a SNK  |b SNK  |y VYP  |7 0  |p 17A0631080  |o snkSD 78331 D1  |i snk2009/18370  |8 1  |0 0  |1 0  |4 0  |d 2009-10-12  |l 0  |r 2017-06-30 00:00:00  |w 2026-02-23